Perspektivní rozvoj průmyslového podniku

Na minha lista:
Detalhes bibliográficos
Autor principal: Mareš, Svatopluk
Outros Autores: Plandorová, Helena, Strnad, Jaroslav
Formato: Livro
Idioma:tcheco
Publicado em: Praha Státní nakladatelství technické literatury 1971
Tags: Adicionar Tag
Sem tags, seja o primeiro a adicionar uma tag!

MARC

LEADER 00000nam a2200000 4500
001 c127566
005 20041019155241.0
041 0 |a cze 
044 |a CZ 
245 1 0 |a Perspektivní rozvoj průmyslového podniku  |c Svatopluk Mareš, Helena Plandorová, Jaroslav Strnad 
264 1 |a Praha  |b Státní nakladatelství technické literatury  |c 1971 
300 |a 173 s. 
100 1 |a Mareš, Svatopluk 
700 1 |a Plandorová, Helena 
700 1 |a Strnad, Jaroslav